Nguyễn Tuân bàn về văn học nghệ thuật /
Sách được sưu tầm và biên soạn nhằm giới thiệu với bạn đọc những quan điểm của nhà văn Nguyễn Tuân khi bàn về văn học nghệ thuật.
Gardado en:
| Outros autores: | |
|---|---|
| Formato: | Libro |
| Idioma: | Vietnamese |
| Publicado: |
Hà Nội :
Hội nhà văn,
1999.
|
| Những chủ đề: | |
| Các nhãn: |
Engadir etiqueta
Sen Etiquetas, Sexa o primeiro en etiquetar este rexistro!
|
| Thư viện lưu trữ: | Mạng thư viện Đại học Đà Nẵng |
|---|
| LEADER | 01269cam a2200385 i 4500 | ||
|---|---|---|---|
| 001 | 000046657 | ||
| 003 | 6159 | ||
| 005 | 20031231161335.0 | ||
| 008 | 010307b1999 vm 000 vie | ||
| 020 | |c 67000 | ||
| 022 | |a T | ||
| 040 | |a IRC |c IRC |d IRC | ||
| 041 | 0 | |a vie | |
| 082 | 1 | 4 | |a 895.9283 |b Ng-T |
| 245 | 0 | 0 | |a Nguyễn Tuân bàn về văn học nghệ thuật / |c Nguyễn Đăng Mạnh sưu tầm và biên soạn. |
| 260 | |a Hà Nội : |b Hội nhà văn, |c 1999. | ||
| 300 | |a 792tr. ; |c 19cm. | ||
| 520 | 3 | |a Sách được sưu tầm và biên soạn nhằm giới thiệu với bạn đọc những quan điểm của nhà văn Nguyễn Tuân khi bàn về văn học nghệ thuật. | |
| 600 | 1 | 5 | |a Nguyễn Tuân, |d 1910-1987. |
| 630 | 0 | 4 | |a Văn học Việt. |
| 630 | 0 | 4 | |a Sưu tầm văn học. |
| 630 | 0 | 4 | |a Nguyễn Tuân. |
| 630 | 0 | 4 | |a Văn học nghệ thuật. |
| 650 | 0 | 4 | |a Nguyễn Tuân, |d 1910-1987 |x Văn học nghệ thuật. |
| 700 | 1 | |a Nguyễn Đăng Mạnh, |e sưu tầm và biên soạn. | |
| OWN | |a DUT | ||
| 999 | |a From the UDN01 | ||
| TYP | |a Monograph | ||
| TYP | |a Printed language | ||
| 980 | |a Mạng thư viện Đại học Đà Nẵng | ||